Chargement en cours...
Samanathalam/
| Auteur principal: | |
|---|---|
| Format: | Printed Book |
| Langue: | Malayalam |
| Publié: |
Calicut:
Mathrubhumi,
1995.
|
| LEADER | 00457nam a2200121Ia 4500 | ||
|---|---|---|---|
| 008 | 111205s9999 xx 000 0 mal d | ||
| 100 | |a Radhakrishnan,K. | ||
| 245 | |a Samanathalam/ |c Radhakrishnan. K. | ||
| 260 | |b Mathrubhumi, |a Calicut: |c 1995. | ||
| 300 | |a 893p. | ||
| 942 | |c BK |2 ddc | ||
| 999 | |c 204578 |d 204578 | ||
| 952 | |0 0 |1 0 |4 0 |6 853_000000000000000_4R3_SAM |7 0 |9 226305 |a MAL |b MAL |c ST1 |d 2020-02-17 |g 290.00 |l 1 |o 853.4R3 SAM |p MAL24122 |r 2018-10-03 |s 2018-09-07 |v 290.00 |w 2018-08-20 |y BK | ||